Vyhodnocovanie IT nákladov a prínosov

Na základe skúmania aktuálneho stavu poznania v oblasti vyhodnocovania efektívnosti podnikovej informatiky a empirických dát z prostredia malých a stredných podnikov v SR návrh modelu aplikácie Business Intelligence na ekonomické vyhodnocovanie podnikovej informatiky v uvedených podmienkach.

Salvato in:
Dettagli Bibliografici
Autore principale: Maras, Peter
Natura: Capitolo di libro
Lingua:slovacco
Soggetti:
Tags: Aggiungi Tag
Nessun Tag, puoi essere il primo ad aggiungerne!!

MARC

LEADER 00000nla a2200000 4500
001 0239703
005 20240502073903.3
041 0 |a slo 
044 |a SK 
245 1 0 |a Vyhodnocovanie IT nákladov a prínosov  |c Peter Maras 
520 |a Na základe skúmania aktuálneho stavu poznania v oblasti vyhodnocovania efektívnosti podnikovej informatiky a empirických dát z prostredia malých a stredných podnikov v SR návrh modelu aplikácie Business Intelligence na ekonomické vyhodnocovanie podnikovej informatiky v uvedených podmienkach. 
610 2 0 |a technológie informačné 
610 2 0 |a podnik malý 
610 2 0 |a podnik stredný 
610 2 0 |a business intelligence 
610 2 0 |a informatika ekonomická 
610 2 0 |a meranie výkonnosti 
610 2 0 |a dáta 
610 2 0 |a náklady 
610 2 0 |a benefity 
610 2 0 |a efektívnosť 
100 1 |a Maras, Peter